| 000 | 00533nam a2200157 a 4500 | ||
|---|---|---|---|
| 001 | 000040673 | ||
| 005 | 20201002034308.0 | ||
| 008 | 130905s2012 sp a 000 0 spa d | ||
| 020 | _a9788483228227 | ||
| 040 |
_aDO-SdBNP _bspa _cBNPHU |
||
| 100 | 1 |
_aEscobar Rodríguez, Tomás _967038 |
|
| 245 | 1 | 0 |
_aFundamentos de Contabilidad de Gestión / _cTomás Escobar Rodríguez, Virginia Cortijo Gallego. |
| 260 |
_aMadrid : _bPearson Educación, _c2012. |
||
| 300 |
_aX, 289 p. : _bil. ; _c24 cm. |
||
| 700 | 1 |
_aCortijo Gallego, Virginia _967039 |
|
| 999 |
_c40163 _d40163 |
||